Normal view
MARC view
- Ejaz, Hassan
Entry Personal Name
001 - CONTROL NUMBER
- control field: 35507
003 - CONTROL NUMBER IDENTIFIER
- control field: NUST
005 - DATE AND TIME OF LATEST TRANSACTION
- control field: 20201120155940.0
008 - FIXED-LENGTH DATA ELEMENTS
- fixed length control field: 201120|| aca||aabn | a|a d
040 ## - CATALOGING SOURCE
- Original cataloging agency: NUST
- Transcribing agency: NUST
100 ## - HEADING--PERSONAL NAME
- Personal name: Ejaz, Hassan
670 ## - SOURCE DATA FOUND
- Source citation: Work cat.: (NUST): Ejaz, Hassan , Topology Optimization Of Adhesive Joints Using Non-Parametric Methods /, 2016.
